Which side of the Molotov-Ribbentrop line? - Statistics

General Stats
  • This quiz has been taken 7 times
  • The average score is 10 of 14
Answer Stats
Question Answer % Correct
Poland Both
100%
Poznan Germany
100%
Tallinn USSR
100%
Bessarabia USSR
100%
Cracow Germany
86%
Polish corridor Germany
86%
Åland Islands USSR
86%
Memel Germany
71%
Helsinki USSR
71%
Lappland USSR
71%
Hungary Neither
57%
Vilnius Germany
43%
Carpatho-Ukraine Neither
43%
Warsaw Both
29%
No matching quizzes found
Score Distribution
Percent of People with Each Score
Percentile by Number Answered
Your Score History
You have not taken this quiz